[Event "BCF-ch Major"]
[Site "Hull"]
[Date "2024.08.04"]
[Round "9"]
[White "Dishman, Matthew"]
[Black "Stephenson, David W"]
[Result "1-0"]
[WhiteElo "1936"]
[BlackElo "1836"]
[PlyCount "59"]
[EventDate "2024.07.27"]
[EventType "swiss"]
[EventRounds "9"]
[EventCountry "ENG"]
[SourceTitle "CBM 221 Extra"]
[Source "ChessBase"]
[SourceDate "2024.09.30"]
[SourceVersion "1"]
[SourceVersionDate "2024.09.30"]
[SourceQuality "1"]

1. e4 e5 2. Nf3 Nc6 3. c3 Nf6 4. d4 exd4 5. e5 Nd5 6. cxd4 Be7 7. Qb3 Ndb4 8. a3 Na6 9. d5 Ncb8 10. Nc3 0-0 11. Qc2 Re8 12. Bd3 g6 13. Bh6 Nc5 14. 0-0-0 b6 15. h4 Nxd3+ 16. Qxd3 Na6 17. h5 Nc5 18. Qc2 g5 19. Rh3 d6 20. Rg3 g4 21. e6 Nxe6 22. Rxg4+ Ng5 23. Nxg5 f5 24. Rg3 Bxg5+ 25. Bxg5 Qd7 26. Bh6+ Kh8 27. Qd2 c5 28. Qg5 Qf7 29. Bg7+ Kg8 30. Bf6+ 1-0

[Event "BCF-ch Major"]
[Site "Hull"]
[Date "2024.08.02"]
[Round "7"]
[White "Buffard, Julien"]
[Black "Stephenson, David W"]
[Result "0-1"]
[WhiteElo "1665"]
[BlackElo "1836"]
[PlyCount "36"]
[EventDate "2024.07.27"]
[EventType "swiss"]
[EventRounds "9"]
[EventCountry "ENG"]
[SourceTitle "CBM 221 Extra"]
[Source "ChessBase"]
[SourceDate "2024.09.30"]
[SourceVersion "1"]
[SourceVersionDate "2024.09.30"]
[SourceQuality "1"]

1. e4 e5 2. Nf3 Nc6 3. Bc4 Nf6 4. d4 exd4 5. 0-0 Bc5 6. e5 d5 7. Bb5 Ne4 8. Nxd4 Bd7 9. Nxc6 bxc6 10. Bd3 0-0 11. Nd2 f5 12. exf6 Nxf6 13. h3 Qc8 14. Be2 Bxh3 15. gxh3 Qxh3 16. Bf3 Bd6 17. Re1 Bh2+ 18. Kh1 Bg3+ 0-1

[Event "BCF-ch Major"]
[Site "Hull"]
[Date "2024.07.27"]
[Round "1"]
[White "Stephenson, David W"]
[Black "Stoica, Savas Marin"]
[Result "0-1"]
[WhiteElo "1836"]
[BlackElo "2107"]
[PlyCount "66"]
[EventDate "2024.07.27"]
[EventType "swiss"]
[EventRounds "9"]
[EventCountry "ENG"]
[SourceTitle "CBM 221 Extra"]
[Source "ChessBase"]
[SourceDate "2024.09.30"]
[SourceVersion "1"]
[SourceVersionDate "2024.09.30"]
[SourceQuality "1"]

1. e4 c5 2. a3 Nf6 3. e5 Nd5 4. Nf3 Nc6 5. b4 cxb4 6. axb4 Ncxb4 7. c3 Nc6 8. d4 d6 9. Bb5 Nc7 10. Ba4 e6 11. 0-0 b5 12. exd6 Bxd6 13. Bc2 h6 14. Nbd2 Nd5 15. Be4 0-0 16. Qb3 Rb8 17. g3 Be7 18. Ba3 a5 19. Bxe7 Ndxe7 20. Qc2 Bd7 21. Nb3 Be8 22. Rfd1 Qc7 23. Nc5 Qb6 24. Rdb1 b4 25. Na4 Qd8 26. Nc5 Nd5 27. Bxd5 Qxd5 28. Qe2 bxc3 29. Rxb8 Nxb8 30. Rxa5 c2 31. Ra1 Bc6 32. Kg2 Qxd4 33. Nb3 Qxa1 0-1

[Event "BCF-chT3E 2224 (4NCL)"]
[Site "England"]
[Date "2024.05.04"]
[Round "9.15"]
[White "Stephenson, David W"]
[Black "Duckers, Harvey L"]
[Result "0-1"]
[WhiteElo "1849"]
[BlackElo "1992"]
[PlyCount "100"]
[EventDate "2023.11.11"]
[EventType "team-tourn"]
[EventRounds "11"]
[EventCountry "ENG"]
[SourceTitle "EXT 2025"]
[Source "ChessBase"]
[SourceDate "2024.10.14"]
[SourceVersion "1"]
[SourceVersionDate "2024.10.14"]
[SourceQuality "1"]
[WhiteTeam "Hull & East Riding Tigers"]
[BlackTeam "Crowthorne A"]
[WhiteTeamCountry "ENG"]
[BlackTeamCountry "ENG"]

1. d4 Nf6 2. Nf3 g6 3. Bf4 d6 4. Nc3 c6 5. e4 b5 6. a3 a6 7. Be2 Nbd7 8. e5 Nh5 9. Be3 Qc7 10. g4 Ng7 11. Bf4 Nb6 12. h3 Bb7 13. Qd2 Ne6 14. Bg3 d5 15. 0-0 Qd7 16. b4 Bg7 17. Nh4 Nc4 18. Bxc4 dxc4 19. Ne2 Rd8 20. Rad1 c5 21. c3 h5 22. g5 cxd4 23. cxd4 Qd5 24. f4 Qe4 25. Kf2 0-0 26. Qe3 f6 27. Nc3 Qxe3+ 28. Kxe3 Kh7 29. gxf6 exf6 30. d5 Nc7 31. d6 Ne6 32. Ne4 fxe5 33. fxe5 Bh6+ 34. Ke2 Bxe4 35. Rf6 Bd3+ 36. Ke1 Rxf6 37. exf6 Bg5 38. f7 Kg7 39. Nf3 Bf6 40. Rd2 Bf5 41. h4 Kxf7 42. Ne5+ Bxe5 43. Bxe5 Nf8 44. Kf2 Nd7 45. Bf4 Re8 46. Ra2 Re4 47. Kf3 c3 48. Bc1 Ne5+ 49. Kg3 Rg4+ 50. Kh2 Nf3+ 0-1

[Event "Hull 4NCL op-B"]
[Site "Hull"]
[Date "2023.09.10"]
[Round "4"]
[White "Stephenson, David W"]
[Black "Pitel, Benedikt"]
[Result "0-1"]
[WhiteElo "1780"]
[BlackElo "1376"]
[PlyCount "136"]
[EventDate "2023.09.08"]
[EventType "swiss"]
[EventRounds "5"]
[EventCountry "ENG"]
[SourceTitle "CBM 216 Extra"]
[Source "ChessBase"]
[SourceDate "2023.11.30"]
[SourceVersion "1"]
[SourceVersionDate "2023.11.30"]
[SourceQuality "1"]

1. e4 c6 2. d4 d5 3. exd5 cxd5 4. Bd3 Nc6 5. c3 Nf6 6. Bf4 Bg4 7. Qb3 Qd7 8. Nd2 e6 9. Ngf3 Be7 10. 0-0 0-0 11. a4 Rfc8 12. h3 Bh5 13. a5 Bg6 14. Bb5 Bd6 15. Ne5 Qc7 16. a6 Bxe5 17. Bxe5 Nxe5 18. dxe5 Ne4 19. Nxe4 Bxe4 20. axb7 Qxb7 21. Qa4 Qc7 22. f4 Rab8 23. Ba6 Qc5+ 24. Qd4 Qxd4+ 25. cxd4 Rc2 26. Rf2 Rxf2 27. Kxf2 Rxb2+ 28. Ke1 Rxg2 29. Bf1 Rg3 30. Rxa7 h5 31. Ra8+ Kh7 32. Ra7 Kg6 33. Ra2 Re3+ 34. Re2 Rxe2+ 35. Kxe2 Kf5 36. Ke3 h4 37. Be2 Bg2 38. Bd3+ Be4 39. Be2 Kg6 40. Kf2 f6 41. Bg4 Bf5 42. Kf3 Be4+ 43. Kf2 Kf7 44. Be2 Ke7 45. Bb5 Kd8 46. Be2 Bf5 47. Bf1 Kc7 48. Ke3 Kb6 49. Kd2 Ka5 50. Kc3 Ka4 51. Bg2 Ka3 52. Bf1 Be4 53. Kd2 Kb4 54. exf6 gxf6 55. Ke3 Kc3 56. Be2 Bg2 57. Bg4 f5 58. Bh5 Bxh3 59. Bf7 Bg2 60. Bxe6 Be4 61. Kf2 Kxd4 62. Bd7 h3 63. Kg3 Ke3 64. Bc6 d4 65. Ba4 d3 66. Kxh3 d2 67. Kh4 Kxf4 68. Bd1 Bf3 0-1

[Event "Hull 4NCL op-B"]
[Site "Hull"]
[Date "2023.09.08"]
[Round "1"]
[White "Stephenson, David W"]
[Black "Meredith, Daniel"]
[Result "0-1"]
[WhiteElo "1780"]
[BlackElo "1358"]
[PlyCount "84"]
[EventDate "2023.09.08"]
[EventType "swiss"]
[EventRounds "5"]
[EventCountry "ENG"]
[SourceTitle "CBM 216 Extra"]
[Source "ChessBase"]
[SourceDate "2023.11.30"]
[SourceVersion "1"]
[SourceVersionDate "2023.11.30"]
[SourceQuality "1"]

1. e4 c5 2. Nc3 d6 3. d4 cxd4 4. Qxd4 Nc6 5. Qd2 Nf6 6. b3 g6 7. Bb2 Bg7 8. 0-0-0 0-0 9. f3 Bd7 10. Kb1 a5 11. g4 Nb4 12. a3 Ne8 13. h4 Qc7 14. Bc4 Nc6 15. h5 Ne5 16. Be2 Rc8 17. Nd5 Qd8 18. hxg6 fxg6 19. Qg5 Rf7 20. Qh4 Bh8 21. Ne3 a4 22. f4 axb3 23. cxb3 Qb6 24. Nd5 Qxb3 25. fxe5 Bxe5 26. Rd2 Bxb2 27. Rxb2 Qxa3 28. Rh3 Qc5 29. Qe1 e6 30. Rc3 Qd4 31. Rxc8 Qxe4+ 32. Kc1 Bxc8 33. Nc3 Rc7 34. Nf3 Qe3+ 35. Qd2 Qxc3+ 36. Qxc3 Rxc3+ 37. Kd2 Rc5 38. Ke3 e5 39. Ng5 Nf6 40. Rd2 d5 41. Nf3 Nxg4+ 42. Kd3 Bf5# 0-1

[Event "Daventry 4NCL Easter op-B 3rd"]
[Site "Daventry"]
[Date "2023.04.09"]
[Round "5"]
[White "Lawrence, Spencer"]
[Black "Stephenson, David W"]
[Result "0-1"]
[WhiteElo "1536"]
[BlackElo "1799"]
[PlyCount "70"]
[EventDate "2023.04.07"]
[EventType "swiss"]
[EventRounds "7"]
[EventCountry "ENG"]
[SourceTitle "EXT 2024"]
[Source "ChessBase"]
[SourceDate "2023.10.10"]
[SourceVersion "1"]
[SourceVersionDate "2023.10.10"]
[SourceQuality "1"]

1. d4 d5 2. Nf3 Nc6 3. g3 Bg4 4. Bg2 Qd7 5. h3 Bf5 6. a3 h6 7. Bf4 g5 8. Be3 Bg7 9. Nbd2 e5 10. Nb3 0-0-0 11. Nxe5 Bxe5 12. dxe5 d4 13. Bd2 b6 14. f4 f6 15. exf6 Nxf6 16. fxg5 Ne4 17. gxh6 Nxg3 18. Rh2 Qd6 19. Bxc6 Qxc6 20. Bf4 Nh5 21. Nxd4 Qe4 22. Qd3 Rxd4 23. Qxe4 Rxe4 24. Bd2 Rhe8 25. e3 Rh4 26. 0-0-0 Ng3 27. Bc3 Rxh6 28. h4 Re4 29. Rhd2 Rhxh4 30. Rd8+ Kb7 31. Rf8 Ne2+ 32. Kb1 Nxc3+ 33. bxc3 Re5 34. Rd2 Rb5+ 35. Ka2 Be6+ 0-1

[Event "Basingstoke 4NCL Spring Bank 2nd U2050"]
[Site "Basingstoke"]
[Date "2019.05.25"]
[Round "2"]
[White "Stephenson, David W"]
[Black "Mendis, Vidura"]
[Result "1-0"]
[WhiteElo "1805"]
[BlackElo "1497"]
[PlyCount "43"]
[EventDate "2019.05.24"]
[EventType "swiss"]
[EventRounds "7"]
[EventCountry "ENG"]
[SourceTitle "EXT 2020"]
[Source "ChessBase"]
[SourceDate "2019.10.17"]
[SourceVersion "1"]
[SourceVersionDate "2019.10.17"]
[SourceQuality "1"]

1. d4 e6 2. e4 d5 3. Nc3 Bb4 4. exd5 exd5 5. Qf3 Nf6 6. Bg5 Nbd7 7. Bd3 Qe7+ 8. Nge2 h6 9. Bf4 Nb6 10. 0-0 Bg4 11. Qg3 0-0-0 12. f3 Be6 13. Be5 g5 14. Nb5 Bd6 15. Nxa7+ Kb8 16. Nb5 Nh5 17. Qe1 Bxe5 18. dxe5 Bd7 19. Qc3 Bxb5 20. Bxb5 d4 21. Nxd4 Qxe5 22. Nc6+ 1-0

[Event "Stevenage 4NCL Easter op U2050"]
[Site "Stevenage"]
[Date "2019.04.21"]
[Round "4"]
[White "Chin, Francis"]
[Black "Stephenson, David W"]
[Result "1-0"]
[WhiteElo "1944"]
[BlackElo "1829"]
[PlyCount "73"]
[EventDate "2019.04.19"]
[EventType "swiss"]
[EventRounds "7"]
[EventCountry "ENG"]
[SourceTitle "CBM 190 Extra"]
[Source "ChessBase"]
[SourceDate "2019.07.15"]
[SourceVersion "1"]
[SourceVersionDate "2019.07.15"]
[SourceQuality "1"]

1. d4 f5 2. Bf4 d6 3. Nc3 Nf6 4. e3 g6 5. Nf3 Bg7 6. Bc4 e6 7. Qe2 Qe7 8. Bb3 d5 9. Ne5 c6 10. Nd3 b6 11. 0-0 Nbd7 12. Rfe1 Ba6 13. Qd2 Ne4 14. Nxe4 fxe4 15. Nb4 Bb7 16. c4 a5 17. cxd5 exd5 18. Nxc6 Bxc6 19. Rec1 Qe6 20. Qc3 Bb5 21. Qc7 0-0 22. a4 Bc4 23. Rxc4 Rfc8 24. Qxc8+ Rxc8 25. Rxc8+ Kf7 26. Rac1 g5 27. Bg3 Nc5 28. Rc7+ Kg6 29. dxc5 Bxb2 30. Rc2 Be5 31. cxb6 Bxc7 32. bxc7 Qc8 33. Bxd5 Kf6 34. Rc6+ Ke7 35. Re6+ Kf8 36. Rxe4 Qd7 37. Bd6+ 1-0

[Event "Stevenage 4NCL Easter op U2050"]
[Site "Stevenage"]
[Date "2019.04.20"]
[Round "3"]
[White "Stephenson, David W"]
[Black "Ai, Farshad"]
[Result "0-1"]
[WhiteElo "1829"]
[BlackElo "1945"]
[PlyCount "140"]
[EventDate "2019.04.19"]
[EventType "swiss"]
[EventRounds "7"]
[EventCountry "ENG"]
[SourceTitle "CBM 190 Extra"]
[Source "ChessBase"]
[SourceDate "2019.07.15"]
[SourceVersion "1"]
[SourceVersionDate "2019.07.15"]
[SourceQuality "1"]

1. d4 d5 2. Nc3 Nf6 3. e4 dxe4 4. f3 exf3 5. Nxf3 Bg4 6. h3 Bxf3 7. Qxf3 c6 8. g4 e6 9. g5 Nd5 10. Ne4 Qb6 11. c3 Nd7 12. Bd3 Be7 13. a3 Qc7 14. c4 N5b6 15. Bd2 c5 16. d5 Ne5 17. Qg3 Nxd3+ 18. Qxd3 exd5 19. cxd5 Rd8 20. Nc3 c4 21. Qd4 Qg3+ 22. Kd1 Qf3+ 23. Kc2 Qd3+ 24. Qxd3 cxd3+ 25. Kxd3 Nxd5 26. Rae1 0-0 27. Kc2 Bc5 28. Re5 Nxc3 29. Bxc3 Rc8 30. Rd1 Rc7 31. Red5 Be7 32. h4 f6 33. Rd7 Rfc8 34. Kb3 fxg5 35. hxg5 Kf8 36. Rf1+ Ke8 37. Rxc7 Rxc7 38. Bxg7 Bxg5 39. Rf8+ Ke7 40. Rh8 Ke6 41. Bd4 Bf6 42. Bxf6 Kxf6 43. Kb4 Kg7 44. Ra8 a6 45. Ka5 Rc5+ 46. Kb4 Rb5+ 47. Kc3 h5 48. b4 h4 49. Rd8 h3 50. Rd2 Rh5 51. Rh2 Kf6 52. Kd4 Ke6 53. Ke4 Kd6 54. Kd4 Kc6 55. a4 Rh4+ 56. Kc3 Kd5 57. b5 axb5 58. axb5 Kc5 59. Kd3 Kxb5 60. Ke3 Kc4 61. Kf3 b5 62. Kg3 Rh8 63. Kf2 Kc3 64. Ke1 Kd3 65. Kf1 Ke3 66. Kg1 Kd3 67. Kf1 b4 68. Ke1 b3 69. Kd1 b2 70. Rxb2 h2 0-1

[Event "Harrogate 4NCL op-B 21st"]
[Site "Harrogate"]
[Date "2019.01.20"]
[Round "5"]
[White "Ormerod, Stephen"]
[Black "Stephenson, David W"]
[Result "0-1"]
[WhiteElo "1885"]
[BlackElo "1818"]
[PlyCount "72"]
[EventDate "2019.01.18"]
[EventType "swiss"]
[EventRounds "5"]
[EventCountry "ENG"]
[SourceTitle "CBM 188 Extra"]
[Source "ChessBase"]
[SourceDate "2019.02.28"]
[SourceVersion "1"]
[SourceVersionDate "2019.02.28"]
[SourceQuality "1"]

1. Nf3 Nc6 2. g3 e5 3. e4 Nf6 4. d3 d5 5. Nbd2 Bc5 6. Bg2 dxe4 7. dxe4 Bg4 8. 0-0 Qe7 9. c3 a5 10. Qe2 0-0 11. Nc4 h6 12. Ne3 Be6 13. Nh4 Bxe3 14. Bxe3 Rad8 15. Qb5 Qd7 16. Bf3 g5 17. Rfd1 Qc8 18. Nf5 Bxf5 19. exf5 e4 20. Be2 Rfe8 21. Rxd8 Rxd8 22. Rd1 Re8 23. g4 Ne5 24. h3 Nf3+ 25. Kg2 c6 26. Qxa5 Qb8 27. Bxf3 exf3+ 28. Kxf3 Qh2 29. Ke2 Qxh3 30. Rd8 Qxg4+ 31. Kd2 Rxd8+ 32. Qxd8+ Kg7 33. Qd3 Ne4+ 34. Kc2 Qxf5 35. Bd4+ Kg6 36. Kb3 Nc5+ 0-1

[Event "BCF-ch Seniors 50"]
[Site "Hull"]
[Date "2018.08.01"]
[Round "4"]
[White "Spanton, Timothy"]
[Black "Stephenson, David W"]
[Result "1-0"]
[WhiteElo "1927"]
[BlackElo "1817"]
[PlyCount "58"]
[EventDate "2018.07.29"]
[EventType "swiss"]
[EventRounds "7"]
[EventCountry "ENG"]
[SourceTitle "CBM 185 Extra"]
[Source "ChessBase"]
[SourceDate "2018.07.29"]
[SourceVersion "1"]
[SourceVersionDate "2018.07.29"]
[SourceQuality "1"]

1. d4 e6 2. Nf3 f5 3. Bf4 Nf6 4. Nc3 d6 5. Qd3 b6 6. e4 fxe4 7. Nxe4 Nd5 8. Bg3 Be7 9. c3 0-0 10. 0-0-0 a5 11. h4 c5 12. Neg5 g6 13. Re1 Rf6 14. h5 Nc6 15. hxg6 hxg6 16. Qe4 Rf5 17. Rh8+ Kg7 18. Rxd8 Nxd8 19. Qh4 Nf6 20. Qh2 cxd4 21. Bxd6 Ra7 22. Be5 Kg8 23. Bxd4 Nh5 24. g4 Bxg5+ 25. Nxg5 Rxg5 26. gxh5 Nc6 27. hxg6 Nxd4 28. cxd4 Rd7 29. Rxe6 Rg7 1-0

[Event "BCF-ch Seniors 50"]
[Site "Hull"]
[Date "2018.07.30"]
[Round "2"]
[White "Stephenson, David W"]
[Black "Gostelow, David W"]
[Result "1/2-1/2"]
[WhiteElo "1817"]
[BlackElo "1918"]
[PlyCount "123"]
[EventDate "2018.07.29"]
[EventType "swiss"]
[EventRounds "7"]
[EventCountry "ENG"]
[SourceTitle "CBM 185 Extra"]
[Source "ChessBase"]
[SourceDate "2018.07.29"]
[SourceVersion "1"]
[SourceVersionDate "2018.07.29"]
[SourceQuality "1"]

1. d4 d5 2. Nc3 Nf6 3. e4 dxe4 4. f3 exf3 5. Nxf3 Bg4 6. h3 Bxf3 7. Qxf3 c6 8. g4 e6 9. Bd3 Bb4 10. 0-0 h6 11. Ne4 Nbd7 12. c3 Be7 13. Be3 Rf8 14. Ng3 Qc7 15. c4 Bd6 16. Ne2 c5 17. Nc3 a6 18. d5 0-0-0 19. Be2 Ne5 20. Qg2 Rfe8 21. Bxh6 gxh6 22. Rxf6 h5 23. g5 h4 24. Raf1 Rg8 25. Kh1 Rdf8 26. dxe6 fxe6 27. Ne4 Be7 28. Rxf8+ Rxf8 29. Rxf8+ Bxf8 30. Bg4 Nxg4 31. Qxg4 Qe5 32. g6 Bg7 33. Qxh4 Qxb2 34. Nd6+ Kd7 35. Nf7 Qa1+ 36. Kg2 Qxa2+ 37. Kf3 Qb3+ 38. Kg2 Qb2+ 39. Kh1 Qc1+ 40. Kg2 Qd2+ 41. Kh1 Qd1+ 42. Kg2 Qe2+ 43. Qf2 Qxf2+ 44. Kxf2 a5 45. h4 a4 46. h5 a3 47. h6 Bd4+ 48. Ke2 a2 49. g7 a1Q 50. g8Q Qb2+ 51. Kd1 Qb3+ 52. Kd2 Qc3+ 53. Kd1 Qd3+ 54. Ke1 Qe3+ 55. Kd1 Qf3+ 56. Kc2 Qe2+ 57. Kc1 Qxc4+ 58. Kd1 Qd3+ 59. Ke1 Qe3+ 60. Kd1 Qd3+ 61. Ke1 Qe3+ 62. Kd1 1/2-1/2

[Event "Basingstoke 4NCL Spring Bank op-B 1st"]
[Site "Basingstoke"]
[Date "2018.05.27"]
[Round "4"]
[White "Bennett, Dominic"]
[Black "Stephenson, David W"]
[Result "1/2-1/2"]
[WhiteElo "1951"]
[BlackElo "1793"]
[PlyCount "80"]
[EventDate "2018.05.25"]
[EventType "swiss"]
[EventRounds "7"]
[EventCountry "ENG"]
[SourceTitle "CBM 184 Extra"]
[Source "ChessBase"]
[SourceDate "2018.06.28"]
[SourceVersion "1"]
[SourceVersionDate "2018.06.28"]
[SourceQuality "1"]

1. d4 d5 2. c4 e6 3. Nc3 c5 4. cxd5 cxd4 5. Qa4+ Bd7 6. Qxd4 exd5 7. Qxd5 Nc6 8. a3 Nf6 9. Qd1 Bc5 10. e3 Qe7 11. Nf3 0-0 12. Be2 Rfd8 13. 0-0 Rac8 14. Bd2 Bb6 15. Qe1 Ne5 16. Nxe5 Qxe5 17. Rd1 Bc6 18. f4 Bxe3+ 19. Kh1 Qc5 20. Bxe3 Qxe3 21. Qf2 Qxf2 22. Rxf2 Rxd1+ 23. Bxd1 Ne4 24. Nxe4 Bxe4 25. Rd2 g6 26. Kg1 Rc1 27. Kf2 Kg7 28. g3 Rb1 29. Ke3 Bc6 30. Kd4 Rc1 31. Ke5 a6 32. Kd4 Kf6 33. Bb3 Re1 34. Bd5 Bxd5 35. Kxd5 Kf5 36. Kc5 h5 37. Kb6 Re7 38. h3 h4 39. g4+ Kxf4 40. Rd3 f5 1/2-1/2

[Event "Doncaster 4NCL op-A 18th"]
[Site "Doncaster"]
[Date "2018.04.15"]
[Round "5"]
[White "Towers, Brian"]
[Black "Stephenson, David W"]
[Result "0-1"]
[WhiteElo "1785"]
[BlackElo "1730"]
[PlyCount "92"]
[EventDate "2018.04.13"]
[EventType "swiss"]
[EventRounds "5"]
[EventCountry "ENG"]
[SourceTitle "CBM 184 Extra"]
[Source "ChessBase"]
[SourceDate "2018.06.28"]
[SourceVersion "1"]
[SourceVersionDate "2018.06.28"]
[SourceQuality "1"]

1. d4 e6 2. Nf3 f5 3. g3 Nf6 4. Bg2 Be7 5. 0-0 0-0 6. c4 d6 7. Nc3 a5 8. Qc2 Nbd7 9. Ng5 Nb6 10. e4 h6 11. Nf3 fxe4 12. Nxe4 Nxe4 13. Qxe4 d5 14. cxd5 exd5 15. Qe3 Nc4 16. Qc3 b5 17. b3 Bb4 18. Qd3 Bf5 19. Qd1 Na3 20. Bd2 Bc2 21. Qc1 Bd6 22. Ne1 Be4 23. Qc6 Qe7 24. f3 Bg6 25. Qxd5+ Kh8 26. f4 Rad8 27. Qc6 Rf6 28. Qc1 b4 29. Bc6 Be4 30. d5 Qf7 31. Nf3 Bxd5 32. Bxd5 Qxd5 33. Be3 Re8 34. Kf2 Rxe3 35. Kxe3 Bc5+ 36. Ke2 Qe4+ 37. Kd1 Rd6+ 38. Nd2 Be3 39. Re1 Qf3+ 40. Re2 Bxd2 41. Qxd2 Rxd2+ 42. Kxd2 Nb5 43. Rae1 Kh7 44. Kc1 Nc3 45. Rd2 Qg4 46. Rg1 Ne2+ 0-1

[Event "Doncaster 4NCL op-A 18th"]
[Site "Doncaster"]
[Date "2018.04.15"]
[Round "4"]
[White "Willow, Jonah B"]
[Black "Stephenson, David W"]
[Result "1-0"]
[WhiteElo "2177"]
[BlackElo "1730"]
[PlyCount "89"]
[EventDate "2018.04.13"]
[EventType "swiss"]
[EventRounds "5"]
[EventCountry "ENG"]
[SourceTitle "CBM 184 Extra"]
[Source "ChessBase"]
[SourceDate "2018.06.28"]
[SourceVersion "1"]
[SourceVersionDate "2018.06.28"]
[SourceQuality "1"]

1. e4 e5 2. Nf3 Nc6 3. Nc3 Nf6 4. Bb5 Bd6 5. a3 a6 6. Bc4 Bc5 7. d3 d6 8. Bg5 h6 9. Bh4 Bg4 10. h3 Bh5 11. g4 g5 12. gxh5 gxh4 13. Nxh4 Nd4 14. Nf3 Qd7 15. Nxd4 exd4 16. Qf3 0-0-0 17. Qxf6 dxc3 18. bxc3 c6 19. d4 Rhe8 20. Bd3 Re6 21. Qf5 Rde8 22. 0-0 Ba7 23. Kh2 d5 24. e5 Bb8 25. Qg4 f6 26. f4 fxe5 27. fxe5 Kc7 28. Bf5 Kb6 29. Bxe6 Rxe6 30. Kh1 Qe7 31. Rf5 c5 32. Raf1 Ka7 33. Rf7 Qe8 34. Qg7 Qc8 35. Rxb7+ Ka8 36. Rfb1 Rb6 37. R7xb6 Qxh3+ 38. Kg1 Qe3+ 39. Kf1 Qf3+ 40. Kg1 Qe3+ 41. Kh2 Qe2+ 42. Qg2 Bxe5+ 43. dxe5 Qxe5+ 44. Kh1 Qxh5+ 45. Kg1 1-0

[Event "Harrogate 4NCL op-B 12th"]
[Site "Harrogate"]
[Date "2017.01.07"]
[Round "3"]
[White "Stephenson, David W"]
[Black "Livesey, R Nigel"]
[Result "0-1"]
[WhiteElo "1746"]
[BlackElo "1829"]
[PlyCount "88"]
[EventDate "2017.01.06"]
[EventType "swiss"]
[EventRounds "5"]
[EventCountry "ENG"]
[SourceTitle "CBM 176 Extra"]
[Source "ChessBase"]
[SourceDate "2017.03.02"]
[SourceVersion "1"]
[SourceVersionDate "2017.03.02"]
[SourceQuality "1"]

1. d4 e6 2. e4 d5 3. Nc3 Nf6 4. Bg5 Bb4 5. e5 h6 6. Bd2 Bxc3 7. bxc3 Ne4 8. Qg4 g6 9. Nf3 c5 10. Bd3 Nxd2 11. Kxd2 Qc7 12. h4 c4 13. Be2 Nd7 14. h5 g5 15. Nh2 f5 16. Qg3 Nb6 17. f4 Rg8 18. Nf3 g4 19. Nh4 Bd7 20. Ng6 Rg7 21. Qe3 0-0-0 22. Qg3 Be8 23. Nh4 Qe7 24. Qe3 Kb8 25. g3 Rc8 26. Ng2 Qa3 27. Rhb1 Rc6 28. Rh1 Na4 29. Rab1 Rb6 30. Nh4 Rxb1 31. Rxb1 Qxa2 32. Rb4 a5 33. Nxf5 exf5 34. Rxa4 Bxa4 35. Bd1 Qa3 36. Ke2 Re7 37. Kf2 Bd7 38. Bxg4 fxg4 39. f5 Bxf5 40. Qxh6 Bxc2 41. Qf8+ Ka7 42. h6 Be4 43. e6 Qb2+ 44. Ke1 Qxc3+ 0-1

[Event "Crawley e2e4 Gatwick op U2050"]
[Site "Crawley"]
[Date "2016.05.30"]
[Round "7"]
[White "Tombolis, Christopher"]
[Black "Stephenson, David W"]
[Result "1/2-1/2"]
[WhiteElo "1417"]
[BlackElo "1892"]
[PlyCount "173"]
[EventDate "2016.05.27"]
[EventType "swiss"]
[EventRounds "7"]
[EventCountry "ENG"]
[SourceTitle "EXT 2019"]
[Source "ChessBase"]
[SourceDate "2018.10.10"]
[SourceVersion "1"]
[SourceVersionDate "2018.10.10"]
[SourceQuality "1"]

1. d4 d5 2. c4 e6 3. Nc3 c5 4. e3 Nf6 5. Nf3 Nc6 6. Bd3 Bd6 7. 0-0 0-0 8. cxd5 exd5 9. h3 Be6 10. Qe2 Re8 11. dxc5 Bxc5 12. Qd1 h6 13. a3 Qd7 14. Ne2 g5 15. Nh2 Bd6 16. Ng3 g4 17. hxg4 Nxg4 18. Nxg4 Bxg4 19. Be2 Be6 20. e4 Bxg3 21. fxg3 Kg7 22. exd5 Qxd5 23. Qxd5 Bxd5 24. Bf3 Bxf3 25. gxf3 Nd4 26. Bd2 Kg6 27. Kg2 Nb3 28. Rad1 Re2+ 29. Rf2 Rxf2+ 30. Kxf2 Rd8 31. Ke2 Nd4+ 32. Kf2 Nf5 33. g4 Ne7 34. Ke1 Nc6 35. Bc3 Rxd1+ 36. Kxd1 h5 37. gxh5+ Kxh5 38. Ke2 Kg5 39. Ke3 Kf5 40. f4 Ne7 41. Be5 Nc6 42. Bc3 a6 43. b4 Ne7 44. Bd2 Nd5+ 45. Kf3 Nb6 46. Bc3 Nd5 47. Bd2 Nb6 48. Bc3 f6 49. Be1 Nc4 50. a4 Nb6 51. a5 Nc4 52. Bc3 Nd6 53. Bd2 Nc8 54. Be3 Ne7 55. Bc5 Nd5 56. Bd6 Nc3 57. Bc5 Ke6 58. Bd4 Nd5 59. Bc5 f5 60. Bf8 Nc3 61. Bg7 Nb5 62. Ke3 Kd5 63. Kd3 Nd6 64. Be5 Ne4 65. Bd4 Nd6 66. Be5 Nb5 67. Bb2 Na7 68. Bd4 Nc6 69. Bc5 Nd8 70. Bd4 Ne6 71. Be5 Nf8 72. Bc7 Ng6 73. Bb8 Nh4 74. Bc7 Nf3 75. Bb8 Nd4 76. Be5 Ne6 77. Bb8 Nd4 78. Be5 Nb5 79. Bb2 Nd6 80. Be5 Ne4 81. Bd4 Ng3 82. Bf2 Ne4 83. Bd4 Kc6 84. Kc4 Nd6+ 85. Kc3 Kb5 86. Be3 Ne4+ 87. Kb3 1/2-1/2

[Event "Crawley e2e4 Gatwick op U2050"]
[Site "Crawley"]
[Date "2016.05.28"]
[Round "3"]
[White "Zhao, Haolin"]
[Black "Stephenson, David W"]
[Result "0-1"]
[WhiteElo "1635"]
[BlackElo "1892"]
[PlyCount "104"]
[EventDate "2016.05.27"]
[EventType "swiss"]
[EventRounds "7"]
[EventCountry "ENG"]
[SourceTitle "EXT 2019"]
[Source "ChessBase"]
[SourceDate "2018.10.10"]
[SourceVersion "1"]
[SourceVersionDate "2018.10.10"]
[SourceQuality "1"]

1. e4 e6 2. d3 d5 3. Nd2 c5 4. g3 Nc6 5. Bg2 Nf6 6. Ngf3 Be7 7. 0-0 0-0 8. Re1 dxe4 9. dxe4 e5 10. Qe2 Bg4 11. Nb3 Rc8 12. c3 a6 13. Bg5 b5 14. h3 Be6 15. Rad1 Qb6 16. Qc2 h6 17. Be3 a5 18. a3 a4 19. Nc1 Nd7 20. Nd2 Rfd8 21. Kh2 Qa5 22. Nd3 b4 23. f3 Rc7 24. Nf2 Rb8 25. Rb1 Nb6 26. cxb4 cxb4 27. axb4 Bxb4 28. Nd3 Rbc8 29. Bxb6 Qxb6 30. Nxb4 Qxb4 31. Qc3 Qd6 32. Red1 Nd4 33. Qa5 Rc2 34. Kh1 Nc6 35. Nc4 Qxd1+ 36. Rxd1 Nxa5 37. Nxa5 Rc1 38. Rxc1 Rxc1+ 39. Kh2 Rc2 40. b4 axb3 41. Nxb3 Bxb3 42. h4 Bc4 43. Kh3 Rf2 44. Kg4 Rxg2 45. f4 exf4 46. e5 fxg3 47. e6 Bxe6+ 48. Kh5 Bd5 49. Kg4 Rg1 50. Kh3 g2 51. Kg4 Ra1 52. Kh5 Bf3# 0-1

[Event "Wakefield 4NCL op-B 8th"]
[Site "Wakefield"]
[Date "2016.04.03"]
[Round "4"]
[White "Stephenson, David W"]
[Black "Simpson, Derek"]
[Result "1-0"]
[WhiteElo "1892"]
[BlackElo "1562"]
[PlyCount "53"]
[EventDate "2016.04.01"]
[EventType "swiss"]
[EventRounds "5"]
[EventCountry "ENG"]
[SourceTitle "CBM 171 Extra"]
[Source "ChessBase"]
[SourceDate "2016.04.26"]
[SourceVersion "1"]
[SourceVersionDate "2016.04.26"]
[SourceQuality "1"]

1. d4 e6 2. Nf3 Nf6 3. e3 Be7 4. Bd3 b6 5. b3 c5 6. Bb2 Ba6 7. c4 Bb7 8. Nbd2 d5 9. 0-0 0-0 10. Ne5 Nbd7 11. f4 Ne4 12. Bxe4 dxe4 13. Qc2 f5 14. Rad1 Nxe5 15. dxe5 Qc7 16. Nb1 Rad8 17. Nc3 a6 18. g4 g6 19. gxf5 gxf5 20. Kh1 Kf7 21. Qe2 Rxd1 22. Rxd1 Ke8 23. Qh5+ Rf7 24. Nd5 Qc6 25. Nxe7 Kxe7 26. Qg5+ Ke8 27. Rd8# 1-0